Obstetrics: Normal and problem pregnancies (Record no. 155607)
[ view plain ]
| 000 -LEADER | |
|---|---|
| fixed length control field | 00412nam a2200145Ia 4500 |
| 008 - FIXED-LENGTH DATA ELEMENTS--GENERAL INFORMATION | |
| fixed length control field | 230411s9999 xx 000 0 und d |
| 020 ## - INTERNATIONAL STANDARD BOOK NUMBER | |
| International Standard Book Number | 978 04430 6930 7 |
| 041 ## - LANGUAGE CODE | |
| Language code of text/sound track or separate title | eng |
| 082 ## - DEWEY DECIMAL CLASSIFICATION NUMBER | |
| Classification number | OG/618.2/HEN/LAU/B05077 |
| 100 ## - MAIN ENTRY--PERSONAL NAME | |
| Personal name | Henry Galam & Laura Goetzl |
| 9 (RLIN) | 178441 |
| 245 ## - TITLE STATEMENT | |
| Title | Obstetrics: Normal and problem pregnancies |
| 260 ## - PUBLICATION, DISTRIBUTION, ETC. (IMPRINT) | |
| Name of publisher, distributor, etc. | General |
| Place of publication, distribution, etc. | Philadelphia |
| Date of publication, distribution, etc. | 2007 |
| 300 ## - PHYSICAL DESCRIPTION | |
| Extent | 1391p |
| Withdrawn status | Lost status | Damaged status | Not for loan | Collection code | Home library | Current library | Date acquired | Vendor | Cost, normal purchase price | Bill number | Full call number | Barcode | Date last seen | Cost, replacement price | Bill Date | Koha item type | Original Barcode |
|---|---|---|---|---|---|---|---|---|---|---|---|---|---|---|---|---|---|
| Reference | Gynecology | Smt. Bakul Tambat Institute of Nursing Education | Smt. Bakul Tambat Institute of Nursing Education | 08/03/2008 | B.J.Medical Co-oprative College Stores | 6864.00 | 1809 | OG 618.2 HEN LAU B05077 | BTIN-BK-5077 | 11/04/2023 | 5011.00 | 08/03/2008 | Books | B05077 |